東海&16私鉄JR乗り鉄☆たびきっぷに印字される駅名 - Statistics

General Stats
  • This quiz has been taken 145 times
  • The average score is 42 of 60
Answer Stats
駅名 % Correct
愛知県 名古屋
97%
静岡県 熱海
92%
岐阜県 岐阜
90%
滋賀県 米原
90%
愛知県 豊橋
88%
静岡県 浜松
88%
静岡県 静岡
87%
三重県
87%
静岡県 掛川
86%
山梨県 甲府
85%
愛知県 岡崎
84%
三重県 桑名
84%
和歌山県 新宮
84%
静岡県 三島
84%
岐阜県 大垣
83%
長野県 塩尻
82%
静岡県 富士
82%
三重県 鳥羽
81%
静岡県 沼津
81%
神奈川県 国府津
80%
静岡県 新所原
79%
岐阜県 多治見
79%
三重県 亀山
78%
愛知県 高蔵寺
78%
静岡県 新静岡
77%
岐阜県 美濃太田
77%
富山県 猪谷
76%
三重県 松阪
74%
愛知県 武豊
73%
静岡県 修善寺
72%
静岡県 新清水
72%
長野県 辰野
72%
愛知県 大府
68%
静岡県 新浜松
67%
滋賀県 近江八幡
64%
三重県 河原田
64%
静岡県 西鹿島
64%
三重県 伊勢奥津
63%
三重県 多気
63%
岐阜県 恵那
62%
愛知県 枇杷島
62%
岐阜県 北濃
62%
岐阜県 明智
61%
愛知県 勝川
60%
岐阜県 樽見
60%
滋賀県 貴生川
59%
静岡県 清水
58%
岐阜県 美濃赤坂
58%
静岡県 吉原
58%
静岡県 岳南江尾
57%
愛知県 三河田原
57%
岐阜県 揖斐
55%
三重県 阿下喜
54%
愛知県 金城ふ頭
51%
滋賀県 多賀大社前
49%
愛知県 新豊橋
46%
三重県 西桑名
44%
愛知県 赤岩口
37%
愛知県 運動公園前
36%
愛知県 駅前
35%
No matching quizzes found
Score Distribution
Percent of People with Each Score
Percentile by Number Answered
Your Score History
You have not taken this quiz